| 000 | 00486nam a2200193Ia 4500 | ||
|---|---|---|---|
| 003 | 0100 | ||
| 008 | 130227s9999 xx 000 0 und d | ||
| 040 | _cARRUPELIB | ||
| 050 | _aBS2330.3E37 2009 | ||
| 100 | _aEhrman, Bart D. | ||
| 245 | 2 | _aA brief introduction to the New Testament | |
| 260 | _aNew York | ||
| 260 | _bOxford University Press | ||
| 260 | _C2009 | ||
| 300 | _axxix | ||
| 300 | _b 371p. 24cm. | ||
| 650 | _bCatholic church - Catechisms - Shona | ||
| 942 |
_2lcc _02 |
||
| 999 |
_c6185 _d6185 |
||